000 01021nam0a22002771 4500
001 rc\4814457
005 20250612190929.0
035 _a(NLR Aleph) 008798245
090 _a8084805
_c8084805
100 _a20130426d1959 |||y0rusy50 ca
101 0 _arus
102 _aRU
105 _ay c |||||
200 1 _aУказатель государственных стандартов, нормалей, руководящих материалов и технических условий
_fДом техники
210 _aМосква
_cБ. и.
_d1959
215 _a423 с.
_d22
300 _aНа обороте тит. л. сост.: инженеры В.С. Кискачи, Н.С. Кривошея и А.С. Курский
333 _aДСП. Экз. № 998
702 1 _aКривошея
_bН.С.
_4220
702 1 _aКискачи
_bВ.С.
_4220
702 1 _aКурский
_bА.С.
_4220
801 0 _aRU
_bNLR
_gpsbo
801 1 _aRU
_bELAR
_2rusmarc
852 _aNLR
_jПт 10.1/117
942 _cBOOK
980 _aNB